Bratislava Jarovce - zemník, architektonická štúdia objektu pre vodné športy

Na minha lista:
Detalhes bibliográficos
Autor principal: Lacuš, Daniel (Author)
Outros Autores: Kráľová, Eva (Thesis advisor)
Formato: Manuscrito Livro
Idioma:eslovaco
Publicado em: Bratislava 2021
Assuntos:
Acesso em linha:http://is.stuba.sk/zp/portal_zp.pl?podrobnosti=160394
Tags: Adicionar Tag
Sem tags, seja o primeiro a adicionar uma tag!

MARC

LEADER 00000ntm a22000003a 4500
001 stuzp83592
003 SK-STU
005 20220218090830.9
007 ta
008 150427s2015----xo-----f-mn---000-0-slo-d
040 |a STU  |b slo 
041 0 |a slo 
100 1 |a Lacuš, Daniel  |u 053130  |4 aut  |U FAD Fakulta architektúry a dizajnu  |T FAD Ústav dejín a teórie architektúry a obnovy pamiatok  |X 65331  |U A3130  |Y 394  |7 65331 
242 0 1 |a Bratislava Jarovce - dredging site, architectural study of building for water sports  |y eng 
245 1 0 |a Bratislava Jarovce - zemník, architektonická štúdia objektu pre vodné športy 
260 |c 2021  |a Bratislava 
650 4 |a vodný šport  |2 slo 
650 4 |a plávanie  |2 slo 
650 4 |a bazén  |2 slo 
650 4 |a Water sports  |2 eng 
650 4 |a swimming  |2 eng 
650 4 |a pool  |2 eng 
700 1 |a Kráľová, Eva  |u 053130  |k Z1  |4 ths  |U FAD Fakulta architektúry a dizajnu  |T FAD Ústav dejín a teórie architektúry a obnovy pamiatok  |X 391  |U A3130  |Y 394  |7 A000000391 
856 4 |u http://is.stuba.sk/zp/portal_zp.pl?podrobnosti=160394  |u https://opac.crzp.sk/?fn=detailBiblioForm&sid=0C216CD716E182230C2B0AAAC853